000 00546cam a22002291 4500
001 sa 65000903
003 DLC
005 20260227112106.0
008 940617s1962 ii 000 0 beno
010 _asa 65000903
025 _aPL480:EP-B-340
035 _a(OCoLC)30622731
040 _aDLC
_cCU
_dCU
_dDLC
041 0 _abenara
050 0 0 _aBP87.5
_b.H3
100 1 _aHaqqani, Golam.
245 1 0 _aĀorāde hākkānī.
260 _c1962.
300 _a54 p.
_c22 cm.
500 _aBengali or Arabic.
650 0 _aIslamic literature.
999 _c61799
_d61799